000 01047nam a2200253 i 4500
001 47692
003 ES-MaACL
005 20250627063628.0
007 t|
008 030519r19991742sp |||| | spa j
020 _a84-7522-843-7
080 _a27(460)(093)(04)
100 1 _aAntonio, Nicolás,
_d1617-1684
_921980
245 1 0 _aCensura de historias fabulosas /
_cobra posthuma de Nicolas Antonio ; van añadidas algunas cartas del mismo autor i de otros eruditos ; publica estas obras, Gregorio Mayáans i Siscáar, autor de la Vida de Don Nicolás Antonio.
260 _aMadrid :
_bVisor Libros,
_c[1999]
300 _a752 p ;
_c31 cm.
490 1 _aBiblioteca filológica hispana ;
_v43
534 _pReprod. de la ed. de:
_c-- Valencia : por Antonio Bordazáar de Artáazu, 1742.
651 4 _aEspaña-
_xHistoria eclesiástica-
_vHistoriografía.
_98370
700 1 _aMayáns y Siscar, Gregorio.
_979333
830 0 _aBiblioteca filológica hispana ;
_v43
_9179654
852 _aES-MaACL
_jL-26304
999 _c47692
_d47692